[Event "Master Open"]
[Site "Voronezh"]
[Date "2017.06.20"]
[Round "8.22"]
[White "Zontakh, Andrey"]
[Black "Chekletsov, Ilya"]
[Result "1-0"]
[WhiteElo "2528"]
[BlackElo "2378"]
[Annotator ""]
[Source ""]
[Remark ""]

1.d4 e6 2.e4 d5 3.Nd2 dxe4 4.Nxe4 Nd7 5.Nf3 Ngf6 6.Nxf6+ Nxf6
7.c3 c5 8.Ne5 cxd4 9.Bb5+ Bd7 10.Nxd7 Nxd7 11.Qxd4 a6 12.Ba4
b5 13.Bc2 Nf6 14.Qh4 Nd5 15.Qe4 Rc8 16.O-O g6 17.Qe5 Qf6 18.Qxf6
Nxf6 19.a4 b4 20.Bd3 Ra8 21.Bg5 Nd5 22.c4 h6 23.cxd5 hxg5 24.dxe6
fxe6 25.Bxg6+ Ke7 26.Rac1 Kf6 27.Be4 Rd8 28.Rc6 Rh4 29.Bf3 Rd6
30.Rfc1 Rhd4 31.Kf1 Rxc6 32.Rxc6 Rd6 33.Rc8 Be7 34.Ke2 Rd8 35.Rc6
Rd6 36.Rc4 a5 37.Be4 Ke5 38.f3 Rd4 39.Rc7 Kf6 40.b3 Bd6 41.Rh7
Bf4 42.Bd3 Bb8 43.g3 Rd5 44.Rb7 Rd8 45.Rh7 Rd5 46.Rh6+ Ke7 47.Bc4
Re5+ 48.Kd2 Bc7 49.h4 gxh4 50.Rxh4 Rg5 51.Rh7+ Kd6 52.g4 Bb6
53.Bxe6 Ke5 54.Rb7 Bc5 55.Bf5 Kf4 56.Rb5 Be3+ 57.Ke2 Rg8 58.Be4
Bg1 59.Rxa5 Rc8 60.Rf5+ Kg3 61.g5 Bd4 62.g6 Rc7 63.a5 Ra7 64.Kd3
Bc3 65.Kc4 Kf2 66.Kb5 Ke3 67.Rf7 1-0

[Event "Master Open"]
[Site "Voronezh"]
[Date "2017.06.20"]
[Round "8.23"]
[White "Gabrielian, Artur"]
[Black "Popov, Mikhail"]
[Result "1-0"]
[WhiteElo "2506"]
[BlackElo "2378"]
[Annotator ""]
[Source ""]
[Remark ""]

1.Nf3 Nf6 2.g3 g6 3.Bg2 Bg7 4.d4 O-O 5.O-O d6 6.c4 c5 7.d5 e6
8.dxe6 fxe6 9.Nc3 Nc6 10.Bg5 h6 11.Bxf6 Bxf6 12.Qd3 Kg7 13.Rad1
Nd4 14.Nd2 Qb6 15.b3 Bd7 16.Nde4 Be7 17.e3 Nf5 18.Ne2 g5 19.N4c3
Rfd8 20.Be4 Rf8 21.Bh1 Rfd8 22.Qe4 Rab8 23.g4 Nh4 24.Nd5 exd5
25.Qxe7+ Kh8 26.Qf6+ Kh7 27.Qe7+ Kh8 28.Rxd5 Be8 29.Qf6+ Kh7
30.Be4+ Ng6 31.h4 1-0

[Event "Master Open"]
[Site "Voronezh"]
[Date "2017.06.20"]
[Round "8.24"]
[White "Tunik, Gennady"]
[Black "Burmakin, Vladimir"]
[Result "1-0"]
[WhiteElo "2384"]
[BlackElo "2504"]
[Annotator ""]
[Source ""]
[Remark ""]

1.d4 d5 2.c4 e6 3.Nf3 Nf6 4.g3 Nbd7 5.Bg2 Bb4+ 6.Bd2 Bd6 7.Qc2
O-O 8.O-O Ne4 9.Nc3 Nxc3 10.Qxc3 Nf6 11.Bg5 Ne4 12.Bxd8 Nxc3
13.bxc3 Rxd8 14.Nd2 Be7 15.e3 Rb8 16.Rfb1 b6 17.a4 a5 18.Ra2
Kf8 19.h4 f6 20.f4 g6 21.Kf2 Bb7 22.cxd5 exd5 23.g4 Bc8 24.Bf3
h6 25.Be2 Bd7 26.Kf3 Kg7 27.Bd3 Be8 28.Bb5 Bf7 29.Nf1 Kg8 30.Ng3
Bf8 31.h5 g5 32.Bd3 Be8 33.Bb5 Bf7 34.Nf5 Be6 35.Bd3 Bd7 36.c4
Be6 37.Rc2 c5 38.cxd5 Bxd5+ 39.e4 Be6 40.Bc4 Bxc4 41.Rxc4 cxd4
42.Rxd4 Rxd4 43.Nxd4 gxf4 44.Kxf4 Rb7 45.Kf5 Bb4 46.Rc1 Kf7 47.Rc6
Be7 48.e5 fxe5 49.Kxe5 Bg5 50.Nf5 Kg8 51.Nxh6+ Kh7 52.Nf5 Bd8
53.Nd4 Rg7 54.Kf4 Bg5+ 55.Kf5 Bd2 56.Ne6 Rf7+ 57.Ke4 Rf1 58.g5
Re1+ 59.Kd5 Rd1 60.Rc7+ Kg8 61.Ke5 1-0

[Event "Master Open"]
[Site "Voronezh"]
[Date "2017.06.20"]
[Round "8.25"]
[White "Praggnanandhaa, R"]
[Black "Raja, Harshit"]
[Result "1-0"]
[WhiteElo "2467"]
[BlackElo "2350"]
[Annotator ""]
[Source ""]
[Remark ""]

1.Nf3 Nf6 2.g3 d5 3.Bg2 g6 4.b3 Bg7 5.Bb2 c5 6.O-O O-O 7.c4 d4
8.b4 Re8 9.d3 e5 10.bxc5 Na6 11.Ba3 e4 12.Nfd2 e3 13.fxe3 Ng4
14.e4 Ne3 15.Qc1 Nxf1 16.Qxf1 Re5 17.Nb3 Bh6 18.N1d2 Be3+ 19.Kh1
Rh5 20.Nf3 Qc7 21.Qe1 Nxc5 22.Nbxd4 Bg4 23.Nb5 Qb6 24.Rb1 g5
25.Bc1 Bxc1 26.Qxc1 Qh6 27.Qg1 Nxd3 28.exd3 Rd8 29.Ne5 Be6 30.Nc7
b6 31.Nd5 Bxd5 32.cxd5 Qg7 33.Ng4 1-0

[Event "Master Open"]
[Site "Voronezh"]
[Date "2017.06.20"]
[Round "8.26"]
[White "Provotorov, Ivan"]
[Black "Korchmar, Vasiliy"]
[Result "1-0"]
[WhiteElo "2368"]
[BlackElo "2422"]
[Annotator ""]
[Source ""]
[Remark ""]

1.c4 e5 2.Nc3 Nf6 3.Nf3 Nc6 4.e3 Bb4 5.Qc2 Bxc3 6.bxc3 d6 7.d4
O-O 8.Be2 Bg4 9.d5 Na5 10.e4 h6 11.Be3 b6 12.h3 Bxf3 13.gxf3
Nh5 14.Rg1 Qf6 15.Rg4 c6 16.O-O-O Kh8 17.Rdg1 Rg8 18.h4 Nf4 19.Bxf4
exf4 20.Qd2 g5 21.hxg5 hxg5 22.Qd4 Qxd4 23.Rh1+ Kg7 24.Rxg5+
Kf8 25.Rxg8+ Ke7 26.cxd4 Rxg8 27.Kd2 Rg2 28.Ke1 c5 29.dxc5 bxc5
30.Kf1 Rg8 31.Rh6 Rb8 32.e5 Rb1+ 33.Kg2 Nb7 34.e6 fxe6 35.Rxe6+
Kd8 36.Rf6 Rb2 37.Bd3 Rxa2 38.Rxf4 Rd2 39.Bg6 a5 40.Rf7 Rb2 41.Rf8+
Ke7 42.Re8+ Kf6 43.Re6+ Kg7 44.Be8 Rb4 45.Bb5 Kf7 46.f4 a4 47.f5
a3 48.Be8+ Kf8 49.Bh5 Ra4 50.f6 Ra8 51.f7 Kg7 52.Re8 1-0

[Event "Master Open"]
[Site "Voronezh"]
[Date "2017.06.20"]
[Round "8.27"]
[White "Salemgareev, Tagir"]
[Black "Yeletsky, Ivan"]
[Result "0-1"]
[WhiteElo "2360"]
[BlackElo "2415"]
[Annotator ""]
[Source ""]
[Remark ""]

1.d4 Nf6 2.c4 g6 3.Nc3 d5 4.cxd5 Nxd5 5.e4 Nxc3 6.bxc3 Bg7 7.Bc4
c5 8.Ne2 Nc6 9.Be3 O-O 10.O-O Bg4 11.f3 Bd7 12.Rb1 Qc7 13.dxc5
Rac8 14.Nd4 Na5 15.Bd3 Rfd8 16.Qe2 Be8 17.Kh1 Nc6 18.Nb5 Qa5
19.Rb3 Ne5 20.Bb1 a6 21.Nd4 Rxc5 22.Rxb7 Qxc3 23.Rb3 Qc4 24.Qf2
Ba4 25.Ne6 Qxe6 26.Bxc5 Bxb3 27.axb3 Qxb3 28.Bxe7 Re8 29.Bd6
Qb5 30.Ba2 Nd3 31.Qa7 Ne5 32.Rb1 Rc8 33.h4 Qe2 34.Bd5 Kh8 35.Qb7
Qc2 36.Rf1 a5 37.Qa7 Qe2 38.Rb1 Nxf3 39.gxf3 Qxf3+ 40.Kg1 Qg4+
41.Kf1 Qf3+ 42.Kg1 Qd3 43.Rb8 Bd4+ 44.Kg2 Qc2+ 45.Kh3 Bxa7 0-1

[Event "Master Open"]
[Site "Voronezh"]
[Date "2017.06.20"]
[Round "8.28"]
[White "Domogaev, Sergey"]
[Black "Sobina, Pavel"]
[Result "0-1"]
[WhiteElo "2411"]
[BlackElo "2250"]
[Annotator ""]
[Source ""]
[Remark ""]

1.d4 Nf6 2.c4 g6 3.Nc3 Bg7 4.e4 d6 5.Be2 O-O 6.Bg5 c5 7.d5 h6
8.Bf4 e6 9.dxe6 Bxe6 10.Qd2 Nc6 11.Nf3 Re8 12.O-O Bg4 13.Bxh6
Nxe4 14.Nxe4 Rxe4 15.Bxg7 Kxg7 16.Rad1 Qf6 17.h3 Bh5 18.Rfe1
Rae8 19.Kf1 Nd4 20.Nxd4 Rxd4 21.Qc2 Bxe2+ 22.Rxe2 Rxe2 23.Qxe2
Rxd1+ 24.Qxd1 Qxb2 25.Qa4 Qb1+ 26.Ke2 Qe4+ 27.Kf1 d5 28.Qxa7
Qxc4+ 29.Kg1 d4 30.Qxb7 Qxa2 31.Qd7 Qb1+ 32.Kh2 Qe4 33.Qd6 c4
34.f3 Qh4 35.Qc7 d3 36.Qe5+ Qf6 37.Qd5 Qf4+ 0-1

[Event "Master Open"]
[Site "Voronezh"]
[Date "2017.06.20"]
[Round "8.29"]
[White "Bryakin, Mikhail"]
[Black "Shagbazyan, Taron"]
[Result "1/2-1/2"]
[WhiteElo "2338"]
[BlackElo "2406"]
[Annotator ""]
[Source ""]
[Remark ""]

1.d4 d5 2.Nf3 Nf6 3.g3 c6 4.Bg2 Bf5 5.Nbd2 h6 6.O-O e6 7.c4 Be7
8.b3 Nbd7 9.Bb2 Ne4 10.Nxe4 Bxe4 11.Nd2 Bxg2 12.Kxg2 O-O 13.e4
dxe4 14.Nxe4 Nf6 15.Qc2 Nxe4 16.Qxe4 Bf6 17.Rfd1 Qc7 18.Rd3 c5
19.Ba3 Bxd4 20.Rxd4 cxd4 21.Bxf8 Rxf8 22.Qxd4 Qa5 23.Qe4 b6 24.Qe1
Qxe1 25.Rxe1 Rd8 26.Kf3 Rd2 27.Re2 Rd1 28.Ke3 Kf8 29.Rc2 Ke7
30.c5 bxc5 31.Rxc5 Rd7 32.Rc6 Kf6 33.Ra6 Kf5 34.h3 h5 35.b4 g5
36.a4 g4 37.h4 f6 38.b5 e5 39.Ra5 Ke6 40.Ke4 Rd4+ 41.Ke3 Rd7
42.Ke4 Rd4+ 43.Ke3 Rd7 44.Ke2 Kf5 45.Ra6 Kg6 46.Rc6 Rd4 47.Ra6
Rd7 48.a5 Rd5 49.b6 axb6 50.axb6 Kf5 51.Ke3 Rd4 52.Ke2 Rd5 53.Ke3
Rd4 1/2-1/2

[Event "Master Open"]
[Site "Voronezh"]
[Date "2017.06.20"]
[Round "8.30"]
[White "Bykov, Egor"]
[Black "Elistratov, Semen"]
[Result "0-1"]
[WhiteElo "2332"]
[BlackElo "2403"]
[Annotator ""]
[Source ""]
[Remark ""]

1.d4 Nf6 2.Nf3 d5 3.c4 e6 4.Nc3 Nbd7 5.Bf4 dxc4 6.e3 b5 7.Nxb5
Bb4+ 8.Nc3 Nd5 9.a3 Nxc3 10.Qd2 Nd5 11.axb4 Nxf4 12.exf4 Nb6
13.Be2 Bb7 14.O-O Qd6 15.Rfd1 O-O 16.Ne5 f6 17.Nxc4 Nxc4 18.Bxc4
Kh8 19.b5 a6 20.Qe3 axb5 21.Rxa8 Rxa8 22.Bxe6 h6 23.h4 Bd5 24.f5
c6 25.Re1 Qb4 26.Qc3 Qc4 27.Kh2 Kh7 28.Bd7 Rd8 29.Re7 Qxc3 30.bxc3
Rb8 31.Be8 Kg8 32.Bg6 Kf8 33.Re1 Bf7 34.Kg3 c5 0-1

[Event "Master Open"]
[Site "Voronezh"]
[Date "2017.06.20"]
[Round "8.31"]
[White "Sadhwani, Raunak"]
[Black "Murtazin, Bulat"]
[Result "0-1"]
[WhiteElo "2328"]
[BlackElo "2403"]
[Annotator ""]
[Source ""]
[Remark ""]

1.e4 c5 2.Nf3 Nc6 3.d4 cxd4 4.Nxd4 Qb6 5.Nb3 Nf6 6.Nc3 e6 7.Qe2
Bb4 8.Bd2 O-O 9.a3 Bxc3 10.Bxc3 e5 11.O-O-O a5 12.Kb1 Rd8 13.Rd6
Ne8 14.Rd1 d6 15.Nd2 Rb8 16.Nc4 Qc7 17.Qe1 b6 18.a4 b5 19.axb5
Rxb5 20.Rd5 Rb8 21.Bxa5 Nxa5 22.Qxa5 Qe7 23.Rb5 Be6 24.Nb6 Rb7
25.Bc4 Rxb6 26.Rxb6 Bxc4 27.b3 Be6 28.Rd1 Rc8 29.f3 Qh4 30.Qa6
Qf2 31.Rc6 Rb8 32.Qf1 Qh4 33.h3 Bd7 34.Rc3 Qd8 35.Kb2 Qb6 36.Qg1
Qb4 37.Ra1 h6 38.Qe3 Nf6 39.Qd2 Qb6 40.Qe3 Qd8 41.Qd2 Be6 42.Rd3
Rb6 43.Rd1 Ne8 44.Qc3 Qb8 45.Qd2 Bc4 46.Rc3 Ba6 47.Ra1 Nc7 48.Ra4
Ne6 49.g4 Kh7 50.h4 Qd8 51.g5 hxg5 52.hxg5 Qxg5 53.Qh2+ Kg8 54.Ra1
g6 55.Rh1 Qf6 56.Qh7+ Kf8 57.Qh6+ Ke7 58.Qe3 Nc5 59.Ra1 Qf4 60.Qf2
Kf6 61.Qe1 Kg7 62.Re3 Qh2 63.Qd1 Ne6 64.Qg1 Qxg1 65.Rxg1 Kf6
66.c3 Bc4 67.b4 Nf4 68.Ra1 Ng2 0-1

[Event "Master Open"]
[Site "Voronezh"]
[Date "2017.06.20"]
[Round "8.32"]
[White "Rjabzev, Konstantin"]
[Black "Harutjunyan, Gevorg"]
[Result "0-1"]
[WhiteElo "2278"]
[BlackElo "2472"]
[Annotator ""]
[Source ""]
[Remark ""]

1.e4 c6 2.d4 d5 3.exd5 cxd5 4.c4 Nf6 5.Nc3 Nc6 6.Nf3 Be6 7.Qb3
dxc4 8.Qxb7 Na5 9.Qb5+ Bd7 10.Qe5 e6 11.Qg3 Bc6 12.Be2 Rc8 13.O-O
Bd6 14.Ne5 Rc7 15.Bf4 O-O 16.Rad1 Nd5 17.Nxd5 Bxd5 18.Ng6 Bxf4
19.Nxf4 Rd7 20.Nh5 g6 21.Rc1 Rb7 22.Rc3 Kh8 23.Nf4 Rxb2 24.Qg4
Qf6 25.Rh3 Nc6 26.Bf3 Nxd4 27.Nxd5 exd5 28.Bxd5 c3 0-1

[Event "Master Open"]
[Site "Voronezh"]
[Date "2017.06.20"]
[Round "8.33"]
[White "Ponomarev, Dmitry"]
[Black "Obolentseva, Alexandra"]
[Result "1-0"]
[WhiteElo "2417"]
[BlackElo "2283"]
[Annotator ""]
[Source ""]
[Remark ""]

1.d4 Nf6 2.Bg5 Ne4 3.Bf4 c5 4.f3 Nf6 5.d5 d6 6.e4 g6 7.Nc3 Bg7
8.Qd2 a6 9.a4 Qb6 10.Qc1 O-O 11.a5 Qd8 12.Bc4 e6 13.Nge2 exd5
14.exd5 b5 15.axb6 Qxb6 16.O-O Nbd7 17.Bh6 Bxh6 18.Qxh6 Ne5 19.b3
Qd8 20.Ng3 Ra7 21.Be2 Re8 22.Ra4 c4 23.Bxc4 Bd7 24.Raa1 Nxc4
25.bxc4 a5 26.Qf4 Re5 27.Qd4 Rb7 28.f4 Re8 29.Nge4 Nxe4 30.Nxe4
Rxe4 31.Qxe4 Qb6+ 32.Kh1 Bf5 33.Qe1 Qc5 34.Qc3 Qb4 35.Qd4 Bxc2
36.Rfe1 Rb8 37.h3 Bb3 38.Re4 Rc8 39.Rae1 Ba4 40.Qa1 Bd7 41.Re7
Ba4 42.R1e4 Qb3 43.c5 Bb5 44.c6 1-0

[Event "Master Open"]
[Site "Voronezh"]
[Date "2017.06.20"]
[Round "8.34"]
[White "Avalyan, Artur"]
[Black "Ovod, Evgenija"]
[Result "1/2-1/2"]
[WhiteElo "2249"]
[BlackElo "2365"]
[Annotator ""]
[Source ""]
[Remark ""]

1.d4 f5 2.Bf4 Nf6 3.e3 d6 4.Nc3 g6 5.h4 c6 6.h5 Nxh5 7.Rxh5 gxh5
8.Qxh5+ Kd7 9.Qxf5+ Kc7 10.Qf7 Bd7 11.Nf3 Qe8 12.Qc4 Na6 13.Qa4
Rc8 14.Bxa6 bxa6 15.Qxa6 Kb8 16.O-O-O Rc7 17.Ne4 Qc8 18.Qa5 Rb7
19.c4 Ka8 20.c5 Bf5 21.Nc3 Qc7 22.Qa3 Rg8 23.Bg3 Bg4 24.Ne4 Bxf3
25.gxf3 Rg6 26.Rh1 Qd7 27.Rxh7 Qf5 28.Rh8 Qxf3 29.cxd6 exd6 30.Nd2
Qf6 31.Be5 Rg1+ 32.Kc2 Qg6+ 33.e4 Rb8 34.Bh2 Rg5 35.Qa6 Qg7 36.Qxc6+
Qb7 37.Qxb7+ Kxb7 38.Nc4 Rc8 39.Kd3 d5 40.Rh7+ Ka6 41.exd5 Rxd5
42.Be5 Rcd8 43.Ke4 R5d7 44.Rh3 Kb5 45.Rc3 a5 46.f4 a4 47.Ne3
Rh7 48.Rc2 Rh1 49.Re2 Bb4 50.Nc2 Bf8 51.d5 Bc5 52.Rd2 Rf1 53.Nd4+
Bxd4 54.Rxd4 Rf2 55.Rd3 Re2+ 56.Kf5 Re1 57.d6 Kc6 58.a3 Kd7 1/2-1/2

[Event "Master Open"]
[Site "Voronezh"]
[Date "2017.06.20"]
[Round "8.35"]
[White "Strelnikov, Sergey"]
[Black "Volovich, Vasily"]
[Result "1/2-1/2"]
[WhiteElo "2357"]
[BlackElo "2062"]
[Annotator ""]
[Source ""]
[Remark ""]

1.Nf3 e6 2.c4 f5 3.g3 Nf6 4.Bg2 Be7 5.O-O O-O 6.Nc3 c6 7.d3 d6
8.e4 fxe4 9.dxe4 e5 10.c5 Na6 11.cxd6 Bxd6 12.Be3 Qe7 13.Nh4
g6 14.h3 Be6 15.Qe2 Bc5 16.Bh6 Rfd8 17.Nf3 Bd6 18.Bg5 Nc7 19.Nd2
Bf7 20.Nf3 Ne6 21.Be3 c5 22.Rfc1 Nd4 23.Qf1 Rf8 24.Ng5 Be8 25.Nf3
Bc6 26.Nd2 Rad8 27.Bg5 Qf7 28.Nc4 Bc7 29.Ne3 Rc8 30.Ned5 Nxd5
31.exd5 Bd7 32.Bh6 Rfe8 33.Ne4 b6 34.Qd1 Kh8 35.g4 Bb5 36.Nc3
Ba6 37.Be4 Bd8 38.Be3 Bb7 39.d6 Bxe4 40.Nxe4 Qd5 41.b3 Rf8 42.Bxd4
exd4 43.Qd3 Bf6 44.Re1 Be5 45.Qc4 Qxc4 46.bxc4 Bf4 47.a4 a5 48.Rab1
Rc6 49.d7 Kg7 50.g5 Rd8 51.h4 Rxd7 52.Nf6 Rf7 53.Re4 Rcxf6 54.gxf6+
Rxf6 55.Re7+ Kh6 56.Rbe1 d3 57.Rd7 d2 58.Ree7 g5 59.Rxh7+ Kg6
60.h5+ Kf5 61.Rd5+ Kg4 62.Rhd7 1/2-1/2

[Event "Master Open"]
[Site "Voronezh"]
[Date "2017.06.20"]
[Round "8.36"]
[White "Gurvich, Vitaly"]
[Black "Pogorelskikh, Sergey"]
[Result "1/2-1/2"]
[WhiteElo "2345"]
[BlackElo "2233"]
[Annotator ""]
[Source ""]
[Remark ""]

1.d4 Nf6 2.c4 g6 3.Nc3 Bg7 4.e4 d6 5.Nf3 O-O 6.Be2 e5 7.O-O exd4
8.Nxd4 Re8 9.f3 c6 10.Kh1 Nbd7 11.Bg5 Qb6 12.Nb3 a5 13.Qd2 a4
14.Be3 Qd8 15.Nd4 Nc5 16.Rad1 Nfd7 17.Rfe1 Qe7 18.Bf1 Be5 19.Bg5
Qf8 20.Nc2 Ne6 21.Be3 Ndc5 22.Nd4 Qg7 23.g3 Nxd4 24.Bxd4 Ne6
25.Ne2 Nc5 26.Bc3 f5 27.exf5 Bxf5 28.Nd4 Bd7 29.Bg2 Qf7 30.f4
Bg7 31.Nf3 Rxe1+ 32.Rxe1 Bxc3 33.Qxc3 Re8 34.Rxe8+ Qxe8 35.Qd4
Qe7 36.h3 Bf5 37.Kh2 Bb1 38.b4 axb3 39.axb3 Be4 40.Qe3 Qf6 41.b4
Bxf3 42.Qxf3 Ne6 43.b5 Nd4 44.Qe4 Kf7 45.bxc6 bxc6 46.Qb1 Qe7
47.Qa1 c5 48.Qa8 Kg7 49.Qd5 h5 50.Qa8 h4 51.g4 g5 52.fxg5 Qe5+
53.Kh1 Ne2 54.g6 Kxg6 55.Qg8+ Kf6 56.Qd8+ Kg7 57.Qa8 Ng3+ 58.Kg1
Qd4+ 59.Kh2 Ne2 60.Qb7+ Kh6 61.Qb1 Qf4+ 62.Kh1 Ng3+ 63.Kg1 Kg5
64.Qe1 Qd4+ 65.Kh2 Qe5 66.Qc1+ Kg6 67.Qb1+ Kf6 68.Kg1 Ne2+ 69.Kh1
Kg5 70.Bf3 Nf4 71.Qc1 Qd4 72.Bg2 Qf2 73.Bf1 Qf3+ 74.Kg1 Qg3+
75.Kh1 Qf2 76.Qa1 Qf3+ 77.Kh2 Qf2+ 78.Kh1 Qd4 79.Qa8 Ng6 80.Qf3
Qe5 81.Bg2 Nf4 82.Bf1 d5 83.cxd5 Qxd5 84.Qxd5+ Nxd5 85.Kg1 Kf4
86.Kf2 Nc3 87.Bd3 Nd5 88.Bb5 Nf6 89.Bd3 Nd7 90.Bb5 Ne5 91.Ba4
Nf3 92.Bc6 Ng5 93.Bg2 c4 94.Ke2 Kg3 95.Bd5 c3 96.Kd3 Kxh3 97.Kxc3
Kxg4 98.Kd2 Kg3 99.Ke2 Kh2 100.Kf1 Nh3 101.Ba8 Kg3 102.Bb7 Nf4
103.Bc8 1/2-1/2

[Event "Master Open"]
[Site "Voronezh"]
[Date "2017.06.20"]
[Round "8.37"]
[White "Zhileykin, Andrey"]
[Black "Sergienko, Sergey"]
[Result "0-1"]
[WhiteElo "2225"]
[BlackElo "2344"]
[Annotator ""]
[Source ""]
[Remark ""]

1.e4 c5 2.Nf3 a6 3.b4 cxb4 4.a3 d6 5.axb4 Nf6 6.Nc3 g6 7.b5 Bg7
8.d4 O-O 9.Bd3 Bg4 10.h3 Bxf3 11.Qxf3 Nbd7 12.bxa6 bxa6 13.O-O
Qc7 14.Ra3 e5 15.Be3 Nb6 16.d5 Nc4 17.Bxc4 Qxc4 18.Bg5 Nh5 19.Qe2
Qc7 20.g3 Nxg3 21.fxg3 Qc5+ 22.Qe3 Qxa3 23.Rf3 f6 24.Bh6 Bxh6
25.Qxh6 Rac8 26.Qd2 Qb4 27.Rd3 0-1

[Event "Master Open"]
[Site "Voronezh"]
[Date "2017.06.20"]
[Round "8.39"]
[White "Kryukov, Denis V"]
[Black "Yashmetov, Mikhail"]
[Result "0-1"]
[WhiteElo "2241"]
[BlackElo "2308"]
[Annotator ""]
[Source ""]
[Remark ""]

1.e4 c5 2.c4 g6 3.Nc3 Bg7 4.g3 Nc6 5.Bg2 e5 6.d3 Nge7 7.Nge2
O-O 8.O-O f5 9.Nd5 d6 10.Be3 Nxd5 11.exd5 Nd4 12.Nxd4 cxd4 13.Bd2
f4 14.b4 Bf5 15.Qe2 Qd7 16.Be4 Bxe4 17.Qxe4 f3 18.Kh1 Rac8 19.Rg1
Qa4 20.Rgc1 Qd7 21.g4 Bf6 22.c5 Bh4 23.Kg1 Qe7 24.Rf1 Bg5 25.cxd6
Qf6 26.d7 Rcd8 27.Bxg5 Qxg5 28.d6 Rxd7 29.Qd5+ Rff7 30.Kh1 Qxg4
31.Rg1 Qf5 32.Rae1 Qf6 33.Rxe5 Rxd6 34.Qe4 Qf4 35.Re8+ Kg7 36.Qxf4
Rxf4 37.Re7+ Rf7 38.Rxf7+ Kxf7 39.Rg4 Ke7 40.Rf4 Ra6 41.Rxf3
Rxa2 42.Rf4 Ke6 43.Kg2 Ra4 44.Rxd4 a5 45.Re4+ Kd5 46.Rg4 axb4
47.Kf3 b5 48.Ke3 b3 49.Rg5+ Kc6 50.Kd2 Ra2+ 51.Kc1 Rxf2 52.h4
Kb6 53.Rg4 Ka5 54.Kb1 b4 55.h5 Ka4 56.hxg6 Ka3 57.Rg1 hxg6 58.Rd1
Rb2+ 59.Ka1 Ra2+ 60.Kb1 b2 0-1

[Event "Master Open"]
[Site "Voronezh"]
[Date "2017.06.20"]
[Round "8.40"]
[White "Karpenko, Artem"]
[Black "Shtyka, Sergey"]
[Result "1-0"]
[WhiteElo "2404"]
[BlackElo "2281"]
[Annotator ""]
[Source ""]
[Remark ""]

1.d4 c5 2.d5 g6 3.c4 Bg7 4.Nc3 d6 5.e4 Nf6 6.h3 O-O 7.Nf3 Na6
8.Bd3 Nc7 9.O-O Rb8 10.a4 b6 11.Bg5 a6 12.Re1 Nd7 13.Qd2 f6 14.Be3
Ne5 15.Nxe5 fxe5 16.Rab1 a5 17.Be2 Ne8 18.Bg4 Nf6 19.Bxc8 Qxc8
20.Rf1 Nh5 21.Ne2 Qd7 22.b3 Rf7 23.Kh2 Nf4 24.Ng1 g5 25.Qd1 Rbf8
26.g3 h5 27.f3 Ng6 28.Bxg5 h4 29.Bxh4 Nxh4 30.gxh4 Bh6 31.Rb2
Bf4+ 32.Kh1 Rg7 33.Rff2 Bg3 34.Rg2 Rf4 35.Rxg3 Rxg3 36.Kh2 Rg6
37.Qe1 Qe8 38.Rg2 Rff6 39.Rxg6+ Rxg6 40.Qe3 Kh7 41.Ne2 Qg8 42.Qf2
Qf7 43.Qe3 Qg7 44.Qf2 Qh6 45.f4 exf4 46.Nxf4 Rf6 47.Kg3 Qg7+
48.Kh2 Rf8 49.Qg3 Qb2+ 50.Ng2 Rg8 51.Qf3 Qe5+ 52.Nf4 Kh6 53.Qe3
Rg7 54.Kh1 Kh7 55.Ne2 Kg8 56.Qf3 Qa1+ 57.Kh2 Qd1 58.Qh5 Qf1 59.Qe8+
Qf8 60.Qxf8+ Kxf8 61.Ng3 Kf7 62.Nf5 Rg6 63.h5 Rg5 64.h6 Kf6 65.h4
Rg8 66.Kh3 Re8 67.Kg4 Rg8+ 68.Kf4 Rh8 69.Ke3 Ke5 70.Kf3 Kf6 71.Kf4
Rh7 72.h5 Rh8 73.Ne3 e5+ 74.dxe6 Kxe6 75.Nf5 Rg8 76.Nh4 Kf6 77.Ng6 1-0

[Event "Master Open"]
[Site "Voronezh"]
[Date "2017.06.20"]
[Round "8.41"]
[White "Palachev, Petr"]
[Black "Grachev, Andrey"]
[Result "1-0"]
[WhiteElo "2380"]
[BlackElo "2268"]
[Annotator ""]
[Source ""]
[Remark ""]

1.d4 d5 2.c4 e6 3.Nf3 Nf6 4.Nc3 a6 5.cxd5 exd5 6.Bg5 Be6 7.e3
Nbd7 8.Bd3 h6 9.Bf4 g5 10.Bg3 Nh5 11.Be5 Ng7 12.O-O g4 13.Bxg7
Bxg7 14.Ne1 c6 15.Qc2 h5 16.Ne2 h4 17.Bf5 Qg5 18.Bxe6 fxe6 19.Qb3
O-O-O 20.Rc1 Bf8 21.Nf4 Rh6 22.Ned3 Bd6 23.Rc2 Qf5 24.Rfc1 Nb8
25.Nc5 Qf7 26.Qb6 Bxc5 27.Qxc5 Rf6 28.a4 Qh7 29.Rd2 h3 30.Qc2
Qc7 31.g3 a5 32.Qd1 Rg8 33.f3 gxf3 34.Qxf3 e5 35.Qxd5 Re8 36.Qe4
Qd8 37.Nxh3 exd4 38.Qg4+ Kc7 39.Qg7+ Nd7 40.Rxd4 Rfe6 41.Nf4
Re5 42.Rcd1 R5e7 43.Ne6+ Kc8 44.Nxd8 Rxg7 45.Nxb7 Re5 46.Nd6+
Kc7 47.Nc4 Rc5 48.Rf1 Rcg5 49.Kg2 Nc5 50.Rdf4 Nxa4 51.Rf7+ Rxf7
52.Rxf7+ Kb8 53.h4 Rg8 54.Nxa5 Rc8 55.h5 Ka8 56.h6 1-0

[Event "Master Open"]
[Site "Voronezh"]
[Date "2017.06.20"]
[Round "8.42"]
[White "Gasanov, Zaur"]
[Black "Panchenko, Dmitry"]
[Result "0-1"]
[WhiteElo "2264"]
[BlackElo "2371"]
[Annotator ""]
[Source ""]
[Remark ""]

1.d4 d5 2.Nf3 Nf6 3.g3 c6 4.Bg2 Bf5 5.c4 e6 6.Nc3 h6 7.Qb3 Qb6
8.c5 Qc7 9.Bf4 Qc8 10.O-O Nbd7 11.Qd1 b6 12.b4 a5 13.a3 Be7 14.h3
Ne4 15.Nxe4 Bxe4 16.Ne5 Bxg2 17.Kxg2 O-O 18.Qc2 Nxe5 19.Bxe5
axb4 20.axb4 Qb7 21.Qc3 b5 22.h4 Ra4 23.Rab1 Rfa8 24.Rb3 Ra2
25.Qd3 Qa7 26.Rfb1 Ra1 27.Qc2 Rxb1 28.Qxb1 Qa2 29.Qd3 Qa1 30.Rb1
Qa3 31.Rb3 Qc1 32.Rc3 Qa1 33.Rb3 Ra4 34.e4 Qe1 35.Rb1 Qxe4+ 36.Qxe4
dxe4 37.Kf1 Ra2 38.Ke1 f5 39.Rb3 Kf7 40.Rb1 h5 41.Kf1 g5 42.hxg5
Bxg5 43.Ke1 h4 44.Kf1 hxg3 45.fxg3 Kg6 46.Rb3 Kh5 47.Rb1 Kg4
48.Rb3 e3 0-1

[Event "Master Open"]
[Site "Voronezh"]
[Date "2017.06.20"]
[Round "8.43"]
[White "Schepetkova, Margarita"]
[Black "Gukesh, D"]
[Result "1-0"]
[WhiteElo "2252"]
[BlackElo "2332"]
[Annotator ""]
[Source ""]
[Remark ""]

1.d4 d5 2.c4 e6 3.Nc3 c6 4.e3 Nf6 5.Nf3 Nbd7 6.Qc2 Bd6 7.Bd3
O-O 8.O-O dxc4 9.Bxc4 b5 10.Be2 Bb7 11.e4 e5 12.dxe5 Nxe5 13.Nd4
Neg4 14.g3 Bc5 15.Nf5 Re8 16.Bf4 g6 17.Bxg4 Nxg4 18.Rad1 Qb6
19.Nd6 Re6 20.h3 Ne5 21.Bxe5 Rxe5 22.Kg2 Ba6 23.b4 Bxb4 24.Nxf7
Re7 25.Nh6+ Kg7 26.Ng4 Qc5 27.Rd3 Ba3 28.Qd2 b4 29.Na4 Qc4 30.Qg5
Qf7 31.Rf3 Bxf1+ 32.Kxf1 Qxf3 33.Qxe7+ Kh8 34.Qe5+ Kg8 35.Nh6+
Kf8 36.Nc5 Qd1+ 37.Kg2 Bc1 38.Qf6+ Ke8 39.Qf7+ Kd8 40.Ne6+ 1-0

[Event "Master Open"]
[Site "Voronezh"]
[Date "2017.06.20"]
[Round "8.44"]
[White "Tsoi, Dmitry"]
[Black "Krivtsov, Alexander"]
[Result "1-0"]
[WhiteElo "2326"]
[BlackElo "2240"]
[Annotator ""]
[Source ""]
[Remark ""]

1.e4 e6 2.d4 d5 3.Nc3 Bb4 4.e5 c5 5.Bd2 Ne7 6.Nb5 Bxd2+ 7.Qxd2
O-O 8.dxc5 Nd7 9.Qc3 f6 10.exf6 Nxf6 11.Bd3 Bd7 12.a4 a6 13.Nd6
b6 14.a5 bxc5 15.Qxc5 e5 16.Ra3 e4 17.Be2 Bc6 18.Nf5 Nxf5 19.Qxc6
Qe7 20.Rc3 d4 21.Rc5 Nh4 22.g3 Nf3+ 23.Kf1 Nd2+ 24.Kg2 d3 25.cxd3
exd3 26.Bxd3 Rad8 27.Rc3 Ng4 28.Nf3 Rd6 29.Qa4 Nxf3 30.Qxg4 Ne1+
31.Rxe1 Qxe1 32.Bc4+ Kh8 33.Rf3 Rfd8 34.Rf7 Qe5 35.b4 Rd4 36.Qf3
Qe4 37.Qxe4 Rxe4 38.Bxa6 Rxb4 39.Bf1 Ra4 40.a6 h6 41.Rb7 Ra8
42.h4 R8xa6 43.Bxa6 Rxa6 44.g4 Kh7 45.Rb5 Kg6 46.Kg3 Ra3+ 47.f3
Ra6 48.Rb3 Rc6 49.f4 Ra6 50.Re3 Rb6 51.Rd3 Ra6 52.Rb3 Rc6 53.f5+
Kf6 54.Kf4 Rc4+ 55.Kf3 Rc6 56.Rb4 Rc1 57.Rb6+ Kf7 58.g5 hxg5
59.hxg5 Rf1+ 60.Ke4 Re1+ 61.Kd5 Rd1+ 62.Kc6 Rf1 63.Rb7+ Kf8 64.Rb5
Ke7 65.Ra5 Rc1+ 66.Kd5 Rd1+ 67.Ke5 Re1+ 68.Kf4 Rc1 69.Ra7+ Kf8
70.Kg4 Rc4+ 71.Kh5 Rc6 72.Ra8+ Kf7 73.Rb8 Rc7 74.g6+ Ke7 75.Rg8
Kf6 76.Rf8+ Ke5 77.f6 gxf6 78.Kh6 Rc1 79.g7 Rh1+ 80.Kg6 Rg1+
81.Kf7 f5 82.g8Q Rxg8 83.Rxg8 f4 84.Kg7 Ke4 85.Kg6 Ke3 86.Kg5
Kf3 87.Rf8 1-0

[Event "Master Open"]
[Site "Voronezh"]
[Date "2017.06.20"]
[Round "8.45"]
[White "Arjun, Kalyan"]
[Black "Shaydullina, Sandugach"]
[Result "1-0"]
[WhiteElo "2322"]
[BlackElo "2217"]
[Annotator ""]
[Source ""]
[Remark ""]

1.e4 c5 2.Nf3 d6 3.d4 cxd4 4.Nxd4 Nf6 5.Nc3 Nc6 6.Bg5 e6 7.Qd2
a6 8.O-O-O h6 9.Be3 Ng4 10.Nxc6 bxc6 11.Bc5 Bd7 12.Be2 dxc5 13.Bxg4
Rb8 14.e5 Rb4 15.f4 Be7 16.g3 Qc7 17.Bf3 Qb7 18.a3 Rd4 19.Qe3
Rxd1+ 20.Rxd1 O-O 21.Ne4 Rb8 22.Qb3 Qxb3 23.cxb3 Be8 24.Be2 Rxb3
25.Bxa6 g5 26.Rd3 Rb8 27.Bc4 Rd8 28.Kc2 Kg7 29.fxg5 hxg5 30.g4
Rd4 1-0

[Event "Master Open"]
[Site "Voronezh"]
[Date "2017.06.20"]
[Round "8.46"]
[White "Iliushkin, Evgeny"]
[Black "Vaishali, R"]
[Result "1-0"]
[WhiteElo "2241"]
[BlackElo "2312"]
[Annotator ""]
[Source ""]
[Remark ""]

1.d4 Nf6 2.c4 e6 3.Nf3 d5 4.cxd5 exd5 5.Bg5 c6 6.Nc3 Be7 7.Qc2
Nbd7 8.e3 O-O 9.Bd3 Re8 10.O-O Nf8 11.Rfe1 Ne4 12.Bf4 Nxc3 13.bxc3
Be6 14.c4 dxc4 15.Bxc4 Bxc4 16.Qxc4 Ne6 17.Bg3 a5 18.Rab1 Bb4
19.Red1 Qd5 20.Qc2 Ng5 21.Nxg5 Qxg5 22.Rb3 Qe7 23.Rdb1 Rac8 24.Qb2
c5 25.dxc5 Qxc5 26.a3 Bc3 27.Qc2 a4 28.Rxb7 Qxa3 29.h3 Bf6 30.Qf5
Rc1+ 31.Rxc1 Qxc1+ 32.Kh2 Qc6 33.Rc7 Qa6 34.Qd7 Ra8 35.Qxf7+
Kh8 36.e4 Qa5 37.e5 Bxe5 38.Re7 Bxg3+ 39.fxg3 Rg8 40.Re8 1-0